[Event "Wroclaw Anderssen Memorial op-C"]
[Site "Wroclaw"]
[Date "2023.??.??"]
[Round "6"]
[White "Dymara, Jerzy"]
[Black "Sypek, Mateusz"]
[Result "0-1"]
[WhiteElo "1415"]
[BlackElo "1260"]
[PlyCount "50"]
[EventDate "2023.08.06"]
[EventType "swiss"]
[EventRounds "9"]
[EventCountry "POL"]
[SourceTitle "EXT 2024"]
[Source "ChessBase"]
[SourceDate "2023.10.10"]
[SourceVersion "1"]
[SourceVersionDate "2023.10.10"]
[SourceQuality "1"]

1. e4 c5 2. Nf3 Nc6 3. d4 cxd4 4. Nxd4 d6 5. Nc3 Nf6 6. Bc4 e5 7. Nf3 Be7 8. Bg5 0-0 9. Bxf6 Bxf6 10. Bb3 Bg4 11. h3 Bxf3 12. Qxf3 Nd4 13. Qg3 Rc8 14. 0-0-0 Rxc3 15. Qxc3 Ne2+ 16. Kb1 Nxc3+ 17. bxc3 b5 18. Rd5 Qb6 19. Rhd1 Rd8 20. R5d2 a5 21. f3 Bg5 22. Re2 a4 23. Bd5 Qa5 24. Rd3 Rc8 25. Kb2 a3+ 0-1

[Event "Wroclaw Anderssen Memorial op-C"]
[Site "Wroclaw"]
[Date "2023.??.??"]
[Round "9"]
[White "Dymara, Jerzy"]
[Black "Trusewicz, Remigiusz"]
[Result "1-0"]
[WhiteElo "1415"]
[BlackElo "1272"]
[PlyCount "91"]
[EventDate "2023.08.06"]
[EventType "swiss"]
[EventRounds "9"]
[EventCountry "POL"]
[SourceTitle "EXT 2024"]
[Source "ChessBase"]
[SourceDate "2023.10.10"]
[SourceVersion "1"]
[SourceVersionDate "2023.10.10"]
[SourceQuality "1"]

1. d4 Nf6 2. Nf3 d5 3. c4 e6 4. Nc3 Be7 5. g3 0-0 6. Bg2 c6 7. 0-0 b6 8. b3 Bb7 9. Bb2 c5 10. cxd5 exd5 11. dxc5 bxc5 12. Ne5 Nbd7 13. Nxd5 Bxd5 14. Nxd7 Qxd7 15. Bxf6 Bxf6 16. Qxd5 Qxd5 17. Bxd5 Bxa1 18. Bxa8 Rxa8 19. Rxa1 Kf8 20. Rc1 Rc8 21. Kg2 Ke7 22. Rc4 Kd6 23. b4 Kd5 24. Rxc5+ Rxc5 25. bxc5 Kxc5 26. e4 Kb4 27. e5 Ka3 28. f4 Kb4 29. Kf3 Kc5 30. Ke4 a5 31. g4 a4 32. h4 a3 33. f5 h6 34. g5 hxg5 35. hxg5 g6 36. e6 Kd6 37. exf7 Ke7 38. fxg6 Ke6 39. f8Q Kd7 40. g7 Kc6 41. g8R Kb5 42. Qxa3 Kc6 43. Qa5 Kb7 44. Rg7+ Kc6 45. Rc7+ Kd6 46. Qe5# 1-0

[Event "Polanica Zdroj op-F 58th"]
[Site "Polanica Zdroj"]
[Date "2022.08.21"]
[Round "9"]
[White "Bieronski, Nikodem"]
[Black "Dymara, Jerzy"]
[Result "1/2-1/2"]
[WhiteElo "1155"]
[BlackElo "1231"]
[PlyCount "67"]
[EventDate "2022.08.13"]
[EventType "swiss"]
[EventRounds "9"]
[EventCountry "POL"]
[SourceTitle "CBM 210 Extra"]
[Source "ChessBase"]
[SourceDate "2022.11.30"]
[SourceVersion "1"]
[SourceVersionDate "2022.11.30"]
[SourceQuality "1"]

1. e4 e5 2. Nf3 Nc6 3. Bc4 Bc5 4. c3 Nf6 5. d4 exd4 6. cxd4 Bb4+ 7. Bd2 Bxd2+ 8. Nbxd2 d5 9. exd5 Nxd5 10. 0-0 0-0 11. Nb3 Bg4 12. Nc5 Rb8 13. h3 Bh5 14. Bb3 Nce7 15. Ne4 c6 16. Rc1 Qb6 17. Nc5 Rbd8 18. Qd3 Bg6 19. Qd2 Nf6 20. Rcd1 Ned5 21. Ne5 Ne4 22. Nxe4 Bxe4 23. Rfe1 Bg6 24. Ng4 Bh5 25. Qg5 Bxg4 26. Qxg4 Nf6 27. Qh4 Rfe8 28. Rxe8+ Rxe8 29. Qf4 Re4 30. Qb8+ Re8 31. Qf4 Re4 32. Qb8+ Re8 33. Qf4 Re4 34. Qb8+ 1/2-1/2

[Event "Polanica Zdroj op-F 58th"]
[Site "Polanica Zdroj"]
[Date "2022.08.16"]
[Round "4"]
[White "Dymara, Jerzy"]
[Black "Rzadkowska, Lila"]
[Result "1/2-1/2"]
[WhiteElo "1231"]
[BlackElo "1149"]
[PlyCount "72"]
[EventDate "2022.08.13"]
[EventType "swiss"]
[EventRounds "9"]
[EventCountry "POL"]
[SourceTitle "CBM 210 Extra"]
[Source "ChessBase"]
[SourceDate "2022.11.30"]
[SourceVersion "1"]
[SourceVersionDate "2022.11.30"]
[SourceQuality "1"]

1. e4 d5 2. exd5 Nf6 3. Bb5+ Bd7 4. Bc4 Bg4 5. Nf3 Nxd5 6. 0-0 e6 7. h3 Bh5 8. d3 Bc5 9. d4 Bxf3 10. Qxf3 Bxd4 11. Bxd5 Qxd5 12. Qxd5 exd5 13. Re1+ Kf8 14. Rd1 Nc6 15. c3 Bb6 16. Rxd5 Re8 17. Bd2 Re2 18. c4 Bd4 19. Bc3 Bxc3 20. Nxc3 Rxb2 21. Nb5 Ke7 22. Re1+ Kf6 23. Nxc7 Rxa2 24. Rd6+ Kf5 25. Rd5+ Kf6 26. Rd6+ Kf5 27. g4+ Kf4 28. Rd5 g6 29. Nb5 f5 30. Nd6 Rf8 31. gxf5 gxf5 32. Re3 Rg8+ 33. Kf1 Ra1+ 34. Ke2 Ra2+ 35. Kf1 Ra1+ 36. Ke2 Ra2+ 1/2-1/2

[Event "Krakow op-C"]
[Site "Krakow"]
[Date "2022.06.25"]
[Round "1"]
[White "Dymara, Jerzy"]
[Black "Melino, Gianluca"]
[Result "1-0"]
[WhiteElo "1231"]
[BlackElo "1633"]
[PlyCount "53"]
[EventDate "2022.06.25"]
[EventType "swiss"]
[EventRounds "9"]
[EventCountry "POL"]
[SourceTitle "EXT 2023"]
[Source "ChessBase"]
[SourceDate "2022.10.05"]
[SourceVersion "1"]
[SourceVersionDate "2022.10.05"]
[SourceQuality "1"]

1. e4 g6 2. d4 Bg7 3. Nc3 d6 4. Be3 a6 5. Qd2 b5 6. 0-0-0 Bb7 7. f3 Nd7 8. g4 c5 9. dxc5 Nxc5 10. Bd4 f6 11. h4 Ne6 12. Be3 Rc8 13. Kb1 Qa5 14. Nge2 b4 15. Nd5 Bxd5 16. exd5 Nc5 17. Nd4 Qb6 18. Ne6 Kf7 19. Bxc5 dxc5 20. Bc4 Qd6 21. g5 a5 22. Rhe1 f5 23. Nxg7 Kxg7 24. Re6 Qg3 25. d6 Rd8 26. Qe2 exd6 27. Re7+ 1-0

[Event "POL-ch U10"]
[Site "Jastrzebia Gora"]
[Date "2022.03.12"]
[Round "5"]
[White "Zawal, Krzysztof"]
[Black "Dymara, Jerzy"]
[Result "1/2-1/2"]
[WhiteElo "1354"]
[BlackElo "1209"]
[PlyCount "89"]
[EventDate "2022.03.08"]
[EventType "swiss"]
[EventRounds "9"]
[EventCountry "POL"]
[SourceTitle "EXT 2023"]
[Source "ChessBase"]
[SourceDate "2022.10.05"]
[SourceVersion "1"]
[SourceVersionDate "2022.10.05"]
[SourceQuality "1"]

1. d4 e6 2. c4 d5 3. Nc3 c5 4. cxd5 exd5 5. Nf3 Nf6 6. g3 Nc6 7. Bg2 Be7 8. 0-0 0-0 9. dxc5 Bxc5 10. Na4 Be7 11. Be3 Re8 12. Rc1 Bf5 13. Nd4 Nxd4 14. Bxd4 Be4 15. f3 Bg6 16. Nc3 h6 17. Bxf6 Bxf6 18. Nxd5 Bxb2 19. Rc4 b6 20. Qd2 Bf6 21. e4 Be7 22. f4 Bc5+ 23. Kh1 Rc8 24. f5 Bh7 25. f6 g5 26. Qd1 Bg6 27. Re1 Bf8 28. Rd4 Bc5 29. Ne7+ Bxe7 30. Rxd8 Rcxd8 31. Qf3 Bb4 32. Rd1 Rxd1+ 33. Qxd1 Bxe4 34. Bxe4 Rxe4 35. Qa4 Re1+ 36. Kg2 Ba5 37. Qd7 Re6 38. Qd8+ Kh7 39. Kf3 Kg6 40. Qd7 Rxf6+ 41. Ke2 Re6+ 42. Kf2 Be1+ 43. Kf1 Ba5 44. Qxa7 Be1 45. Qd7 1/2-1/2

[Event "POL-ch U10"]
[Site "Jastrzebia Gora"]
[Date "2022.03.10"]
[Round "3"]
[White "Dymara, Jerzy"]
[Black "Wasilko, Szymon"]
[Result "1-0"]
[WhiteElo "1209"]
[BlackElo "1011"]
[PlyCount "105"]
[EventDate "2022.03.08"]
[EventType "swiss"]
[EventRounds "9"]
[EventCountry "POL"]
[SourceTitle "EXT 2023"]
[Source "ChessBase"]
[SourceDate "2022.10.05"]
[SourceVersion "1"]
[SourceVersionDate "2022.10.05"]
[SourceQuality "1"]

1. e4 e5 2. Nf3 Nc6 3. Nc3 Nf6 4. d4 exd4 5. Nxd4 Bb4 6. Nxc6 bxc6 7. Bd3 d6 8. 0-0 0-0 9. h3 Re8 10. Bg5 h6 11. Bxf6 Qxf6 12. Qd2 Bc5 13. Na4 Bd4 14. c3 Be5 15. f4 Bd4+ 16. Kh1 Bb6 17. Nxb6 axb6 18. a3 Ra5 19. Rae1 Rh5 20. Kh2 Qh4 21. Qf2 Qxf2 22. Rxf2 Ra5 23. Bc4 Ra4 24. Bd3 f5 25. Bc2 Ra5 26. Rfe2 Ba6 27. Re3 Bc8 28. exf5 Rxe3 29. Rxe3 Bxf5 30. Bb3+ Kh7 31. g4 Bb1 32. Re8 Kg6 33. Bg8 Ba2 34. Bxa2 d5 35. Re6+ Kf7 36. Rxc6 Rb5 37. Rxc7+ Ke8 38. b4 d4 39. cxd4 g5 40. Bc4 Rxb4 41. axb4 gxf4 42. Rc6 f3 43. Rxb6 f2 44. Rxh6 Kf8 45. Rh7 Ke8 46. b5 Kd8 47. b6 Kc8 48. g5 Kb8 49. g6 Kc8 50. Rf7 f1N+ 51. Bxf1 Kd8 52. b7 Ke8 53. b8R# 1-0

[Event "POL-ch U10"]
[Site "Jastrzebia Gora"]
[Date "2021.??.??"]
[Round "4"]
[White "Dymara, Jerzy"]
[Black "Klonowski, Kacper"]
[Result "0-1"]
[WhiteElo "1068"]
[BlackElo "1197"]
[PlyCount "56"]
[EventDate "2021.02.28"]
[EventType "swiss"]
[EventRounds "9"]
[EventCountry "POL"]
[SourceTitle "EXT 2022"]
[Source "ChessBase"]
[SourceDate "2021.10.06"]
[SourceVersion "1"]
[SourceVersionDate "2021.10.06"]
[SourceQuality "1"]

1. e4 c5 2. d4 cxd4 3. c3 dxc3 4. Nxc3 e6 5. Bc4 Bb4 6. Nf3 h6 7. 0-0 Bxc3 8. bxc3 Nc6 9. Ba3 Nge7 10. Bb5 0-0 11. Bxc6 bxc6 12. Qd6 Re8 13. Rfd1 Ng6 14. Rab1 e5 15. Qd3 Nf4 16. Qe3 Ng6 17. Bd6 Qf6 18. Rb8 Rxb8 19. Bxb8 a6 20. Bc7 Qe6 21. Qd2 Qc4 22. Re1 f6 23. Qe2 Qxe2 24. Rxe2 d5 25. g3 Bg4 26. Re3 dxe4 27. Nd2 Re7 28. Ba5 f5 0-1

[Event "POL-ch U10"]
[Site "Jastrzebia Gora"]
[Date "2021.??.??"]
[Round "8"]
[White "Pekala, Dawid"]
[Black "Dymara, Jerzy"]
[Result "1-0"]
[WhiteElo "1244"]
[BlackElo "1068"]
[PlyCount "49"]
[EventDate "2021.02.28"]
[EventType "swiss"]
[EventRounds "9"]
[EventCountry "POL"]
[SourceTitle "EXT 2022"]
[Source "ChessBase"]
[SourceDate "2021.10.06"]
[SourceVersion "1"]
[SourceVersionDate "2021.10.06"]
[SourceQuality "1"]

1. e4 e6 2. d4 d5 3. Nd2 Nf6 4. e5 Nfd7 5. Bd3 c5 6. c3 Nc6 7. Ne2 cxd4 8. cxd4 f6 9. exf6 Nxf6 10. Nf3 Bd6 11. 0-0 Qc7 12. Re1 0-0 13. Bb1 Nh5 14. Qd3 g6 15. a3 Qa5 16. Bd2 Qb6 17. Bc3 Qc7 18. Bc2 b6 19. b4 Bf4 20. Nxf4 Nxf4 21. Qd2 Qf7 22. Qe3 Bd7 23. b5 Nd8 24. Ne5 Qe7 25. Bb4 1-0